Statistiques concernant Harry Potter: le Dragon de Gringotts

Cliquez ici pour prendre le quiz!

Statistiques générales

  • Ce quiz a été pris 41 fois
  • Le résultat moyen est 4 sur 5

Statistiques - réponses

InformationRéponses% Correct
Première apparitionHarry Potter et les Reliques de la Mort
97%
Dernière apparitionHarry Potter et les Reliques de la Mort
97%
"Métier"Gardien à Gringotts
82%
HandicapAveugle
64%
RacePansedefer Ukrainien
33%

Distribution des résultats

Percentile par nombre de réponses

% des personnes avec chaque résultat

Votre développement - résultats

Vous n’avez pas pris ce quiz